000 00354 a2200145 4500
001 152070
040 _cEscola São Tomás de Aquino
100 _aDUMAS, Alexandre
240 1 0 _aOs três mosqueteiros
_lpor
245 1 0 _aOs três mosqueteiros
362 0 _a2005
440 1 _aEscala Educacional
697 _a*LITERATURA INFANTO JUVENIL
942 _cBK
999 _c152070
_d152070